Next generation resource tracking using RFID Technology (Record no. 12976)
[ view plain ]
| 000 -LEADER | |
|---|---|
| fixed length control field | 00437nam a22001337a 4500 |
| 082 ## - DEWEY DECIMAL CLASSIFICATION NUMBER | |
| Classification number | BICSE-6 USM |
| 100 ## - MAIN ENTRY--PERSONAL NAME | |
| Personal name | Usman Umer |
| 9 (RLIN) | 92628 |
| 245 ## - TITLE STATEMENT | |
| Title | Next generation resource tracking using RFID Technology |
| 260 ## - PUBLICATION, DISTRIBUTION, ETC. | |
| Place of publication, distribution, etc. | Islamabad |
| Name of publisher, distributor, etc. | NUST-SEECS |
| Date of publication, distribution, etc. | 2012 |
| 500 ## - GENERAL NOTE | |
| General note | Supervisor: Mr. Muhammad Bilal |
| 700 ## - ADDED ENTRY--PERSONAL NAME | |
| Personal name | Usman Umer, Wasim Ahmad, Muhammad Hamid |
| 9 (RLIN) | 92629 |
| 856 ## - ELECTRONIC LOCATION AND ACCESS | |
| Uniform Resource Identifier | <a href="http://10.250.8.41:8080/xmlui/handle/123456789/11068">http://10.250.8.41:8080/xmlui/handle/123456789/11068</a> |
| 942 ## - ADDED ENTRY ELEMENTS (KOHA) | |
| Koha item type | Project Report |
| Source of classification or shelving scheme | |
| Withdrawn status | Lost status | Source of classification or shelving scheme | Damaged status | Not for loan | Permanent Location | Current Location | Shelving location | Date acquired | Full call number | Barcode | Date last seen | Price effective from | Koha item type |
|---|---|---|---|---|---|---|---|---|---|---|---|---|---|
| WITHDRAWN | Central Library (CL) | Central Library (CL) | General Stacks | 10/13/2014 | BICSE-6 USM | SEECSP01419 | 10/13/2014 | 10/13/2014 | Project Report |
